000 00894cam a22002413a 4500
001 11449
003 PGUSA
005 20140828083237.0
008 040301s2004||||xxu|||||s|||||000 | eng d
040 _aPGUSA
_beng
042 _adc
050 4 _aBV
100 1 _aCarey, William,
_d1761-1834
245 1 3 _aAn Enquiry into the Obligations of Christians to Use Means for the Conversion of the Heathens :
_bIn Which the Religious State of the Different Nations of the World, the Success of Former Undertakings, and the Practicability of Further Undertakings, Are Considered
_h[electronic resource] /
_cWilliam Carey
260 _bProject Gutenberg,
_c2004
506 _aPublic domain in the USA.
516 _aElectronic text
653 _aMissions
653 _aBaptists -- Missions
830 0 _aProject Gutenberg
_v11449
856 4 0 _uhttp://www.gutenberg.org/ebooks/11449
942 _cEB
999 _c240704
_d240704